[Event "Barcelona La Lira Spring op 1st"]
[Site "Barcelona"]
[Date "2008.05.08"]
[Round "5.28"]
[White "Climent Vidal, Pere"]
[Black "Bricio Carrasco, Sebastian"]
[Result "1-0"]
[WhiteElo "1740"]
[BlackElo "1700"]
[PlyCount "113"]
[EventDate "2008.04.03"]
[EventType "swiss"]
[EventRounds "8"]
[EventCountry "ESP"]
[SourceTitle "EXT 2024"]
[Source "ChessBase"]
[SourceDate "2023.10.10"]
[SourceVersion "1"]
[SourceVersionDate "2023.10.10"]
[SourceQuality "1"]

1. d4 d5 2. c4 c6 3. Nc3 Nf6 4. Bg5 Nbd7 5. e3 e6 6. Nf3 Be7 7. Bd3 0-0 8. 0-0 c5 9. Rc1 b6 10. Re1 Bb7 11. cxd5 exd5 12. Qc2 Rc8 13. Qa4 a6 14. Bf5 b5 15. Qd1 Ra8 16. Qc2 cxd4 17. Nxd4 Rc8 18. Qd1 Ne4 19. Bxe7 Qxe7 20. Nxe4 dxe4 21. Qg4 Nf6 22. Qh3 Rc7 23. Qg3 Rc5 24. Bh3 Nh5 25. Qg4 Rg5 26. Qd7 Qxd7 27. Bxd7 Nf6 28. Bc6 Bc8 29. Rc2 Bh3 30. g3 Rc8 31. Rec1 b4 32. b3 a5 33. Bb5 Rxc2 34. Rxc2 h6 35. Bf1 Bxf1 36. Kxf1 Nd5 37. Rc8+ Kh7 38. Rc2 Nc3 39. Ne2 Nxe2 40. Kxe2 Rd5 41. g4 Kg6 42. f3 exf3+ 43. Kxf3 f5 44. gxf5+ Rxf5+ 45. Ke4 Kf6 46. Kd4 g5 47. Rc6+ Kg7 48. Rc2 Kg6 49. e4 Rf8 50. e5 Rd8+ 51. Ke4 Kf7 52. Kf5 Rd5 53. Rc7+ Ke8 54. Ke6 Rd2 55. Rc8+ Rd8 56. Rxd8+ Kxd8 57. Kf7 1-0

[Event "Barcelona La Lira Spring op 1st"]
[Site "Barcelona"]
[Date "2008.04.10"]
[Round "2.29"]
[White "Bricio Carrasco, Sebastian"]
[Black "Garcia Extremera, Manuel"]
[Result "0-1"]
[WhiteElo "1700"]
[BlackElo "1446"]
[PlyCount "80"]
[EventDate "2008.04.03"]
[EventType "swiss"]
[EventRounds "8"]
[EventCountry "ESP"]
[SourceTitle "EXT 2024"]
[Source "ChessBase"]
[SourceDate "2023.10.10"]
[SourceVersion "1"]
[SourceVersionDate "2023.10.10"]
[SourceQuality "1"]

1. d4 c6 2. c4 d5 3. Qc2 g6 4. g3 Bf5 5. Qb3 Qd7 6. Bg2 Bg7 7. Nf3 Be4 8. Be3 dxc4 9. Qxc4 Bd5 10. Qc2 Na6 11. a3 Nh6 12. Qd2 Nf5 13. Bf4 f6 14. Qd3 Qe6 15. 0-0 Bc4 16. Qd2 Rd8 17. Nc3 Nc5 18. Rad1 0-0 19. Rfe1 Nb3 20. Qc2 Nbxd4 21. Nxd4 Nxd4 22. Qb1 Nxe2+ 23. Nxe2 Bxe2 24. Rxd8 Rxd8 25. Qc2 Bd3 26. Rxe6 Bxc2 27. Bf3 Kf7 28. Re2 Bd1 29. Re3 e5 30. Bxe5 fxe5 31. Be4 Rd4 32. Kf1 Bh6 33. Re1 Bc1 34. a4 Bxb2 35. Bb1 Bxa4 36. Ba2+ Kf6 37. Kg2 c5 38. Rb1 Rd2 39. Rf1 Bc6+ 40. Kh3 Bd4 0-1